[Event "90th LSK Metalka Trgovina"]
[Site "Ljubljana SLO"]
[Date "2002.01.23"]
[Round "5"]
[White "Sveshnikov,E"]
[Black "Nisipeanu,LD"]
[Result "1/2-1/2"]
[WhiteElo "2565"]
[BlackElo "2608"]

1.e4 c6 2.d4 d5 3.exd5 cxd5 4.c4 Nf6 5.Nc3 e6 6.Nf3 Bb4 7.cxd5 Nxd5 8.Qc2 Nc6
9.Be2 O-O 10.O-O Re8 11.Rd1 Bd7 12.Ng5 g6 13.Nge4 Bf8 14.Bg5 Be7 15.Bxe7 Ncxe7
16.Bb5  1/2-1/2

[Event "90th LSK Metalka Trgovina"]
[Site "Ljubljana SLO"]
[Date "2002.01.26"]
[Round "7"]
[White "Podlesnik,B"]
[Black "Nisipeanu,LD"]
[Result "1/2-1/2"]
[WhiteElo "2397"]
[BlackElo "2608"]

1.e4 c6 2.d4 d5 3.Nc3 dxe4 4.Nxe4 Nd7 5.Nf3 Ngf6 6.Nxf6+ Nxf6 7.Bc4 Bf5 8.Qe2 e6
9.Bg5 Qa5+ 10.c3 Ne4 11.Bd2 Bd6 12.Bd3 Nxd2 13.Nxd2 Bxd3 14.Qxd3 Qh5 15.Nf3 O-O-O
16.O-O-O c5 17.Qe4 cxd4 18.Rxd4 Bc7 19.Rhd1 Qc5 20.Rxd8+ Rxd8 21.Rxd8+ Kxd8
22.Qxh7 Bf4+ 23.Kd1 Qc4  1/2-1/2

[Event "XVIII Open"]
[Site "Cappelle la Grande FRA"]
[Date "2002.02.09"]
[Round "1"]
[White "Bergez,L"]
[Black "Nisipeanu,LD"]
[Result "1/2-1/2"]
[WhiteElo "2370"]
[BlackElo "2608"]

1.e4 c5 2.Nf3 e6 3.d4 cxd4 4.Nxd4 Nf6 5.Nc3 d6 6.g4 a6 7.g5 Nfd7 8.h4 b5
9.a3 Bb7 10.Qh5 g6 11.Qg4 Nc6 12.Be3 Nce5 13.Qg3 Rc8 14.h5 Rg8 15.hxg6 hxg6
16.Rh4 Bg7 17.Qh3 Qe7 18.Rd1 Nc4 19.Bc1 Kf8 20.Be2 Ncb6 21.f4 e5 22.Nf3 exf4
23.Bxf4 Ne5 24.Qg3 Nbd7 25.Nd4 Rh8 26.Rxh8+ Bxh8 27.Nd5 Qd8 28.Bg4 Bxd5 29.exd5 Kg8
30.c3 Nxg4 31.Qxg4 Bxd4 32.Rxd4 Ne5 33.Bxe5 dxe5 34.Rd2 Rc4 35.Qg3 Re4+ 36.Kd1 Qd6
37.Qh3 Rf4 38.Qc8+ Kg7 39.Qh3 e4 40.Qh6+ Kg8 41.Rh2 Qe5 42.d6 Qxd6+  1/2-1/2

[Event "XVIII Open"]
[Site "Cappelle la Grande FRA"]
[Date "2002.02.15"]
[Round "7"]
[White "Rausis,I"]
[Black "Nisipeanu,LD"]
[Result "1/2-1/2"]
[WhiteElo "2466"]
[BlackElo "2608"]

1.d4 Nf6 2.c4 e6 3.g3 d5 4.Bg2 dxc4 5.Nf3 Nc6 6.Qa4 Bb4+ 7.Bd2 Nd5 8.Bxb4 Nxb4
9.O-O Rb8 10.Nc3 a6 11.Ne5 O-O 12.Bxc6 Nxc6 13.Nxc6 bxc6 14.Qxc4 Qd6 15.e3 Rxb2
16.Rab1 Rxb1 17.Rxb1 e5 18.dxe5 Qxe5 19.Qxc6 Bh3 20.Ne2 g5 21.Qh6 Qe4 22.Qc6 Qe5
23.Ra1  1/2-1/2

[Event "Open"]
[Site "Cannes FRA"]
[Date "2002.02.26"]
[Round "3"]
[White "Nisipeanu,LD"]
[Black "Hamdouchi,H"]
[Result "0-1"]
[WhiteElo "2608"]
[BlackElo "2522"]

1.e4 c5 2.Nf3 d6 3.d4 cxd4 4.Nxd4 Nf6 5.Nc3 a6 6.Be2 e5 7.Nb3 Be7 8.Be3 Be6
9.Nd5 Nbd7 10.Qd3 O-O 11.O-O Bxd5 12.exd5 Rc8 13.c4 a5 14.Rac1 b6 15.Nd2 Nc5
16.Qb1 Nfd7 17.Nf3 f5 18.b3 e4 19.Nd4 f4 20.Nc6 Qe8 21.Bxc5 Nxc5 22.Rfe1 Bh4
23.Bg4 Qg6 24.Bxc8 Rxc8 25.Rcd1 f3 26.g3 Qg4 27.Kh1 Bg5 28.Qc2 Rf8 29.Rd4 Qh3
30.Rg1 Rf6 31.Ne7+ Kh8 32.Rxe4 Nxe4  0-1

[Event "Open"]
[Site "Dubai UAE"]
[Date "2002.04.15"]
[Round "1"]
[White "Nisipeanu,LD"]
[Black "Ravi,T"]
[Result "1-0"]
[WhiteElo "2608"]
[BlackElo "2357"]

1.e4 e5 2.Nf3 Nc6 3.Bb5 a6 4.Bxc6 dxc6 5.O-O Qd6 6.Na3 Be6 7.Qe2 f6 8.Rd1 c5
9.c3 Qc6 10.d4 cxd4 11.cxd4 Bxa3 12.bxa3 Bc4 13.Qe1 O-O-O 14.d5 Qd7 15.Rb1 Bb5
16.Be3 Ne7 17.Qb4 b6 18.a4 Bxa4 19.Rdc1 b5 20.Qa5 c6 21.dxc6  1-0

[Event "Open"]
[Site "Dubai UAE"]
[Date "2002.04.16"]
[Round "2"]
[White "Shariyazdanov,A"]
[Black "Nisipeanu,LD"]
[Result "1/2-1/2"]
[WhiteElo "2532"]
[BlackElo "2608"]

1.d4 Nf6 2.c4 e6 3.Nc3 Bb4 4.Qc2 O-O 5.e4 c5 6.e5 cxd4 7.a3 Qa5 8.axb4 Qxa1
9.exf6 dxc3 10.fxg7 Re8 11.bxc3 a5 12.b5 e5 13.Nh3 d5 14.Ng5 e4 15.Be2 d4
16.cxd4 Qxd4 17.Nxf7 Kxf7 18.Bh5+ Kg8 19.Bxe8 Qe5 20.O-O Qxe8 21.f3 Be6  1/2-1/2

[Event "Open"]
[Site "Dubai UAE"]
[Date "2002.04.17"]
[Round "3"]
[White "Nisipeanu,LD"]
[Black "Volzhin,A"]
[Result "1/2-1/2"]
[WhiteElo "2608"]
[BlackElo "2521"]

1.e4 c5 2.Nf3 Nc6 3.d4 cxd4 4.Nxd4 Nf6 5.Nc3 e5 6.Ndb5 d6 7.Bg5 a6 8.Na3 b5
9.Nd5 Be7 10.Bxf6 Bxf6 11.c3 O-O 12.Nc2 Bg5 13.a4 bxa4 14.Rxa4 a5 15.Bc4 Rb8
16.b3 Kh8 17.Qe2 f5 18.h4 Bf6 19.exf5 Bxf5 20.Nce3 Bd7 21.Qc2 Ne7 22.Ra2 Bc6
23.Qe4 Nxd5 24.Nxd5 Bxd5 25.Bxd5 Qc7 26.Bc4 Bd8 27.g3  1/2-1/2

[Event "Open"]
[Site "Dubai UAE"]
[Date "2002.04.19"]
[Round "5"]
[White "Nisipeanu,LD"]
[Black "Sturua,Z"]
[Result "1/2-1/2"]
[WhiteElo "2608"]
[BlackElo "2565"]

1.e4 e5 2.Nf3 Nc6 3.Bb5 a6 4.Ba4 Nf6 5.O-O b5 6.Bb3 Bc5 7.a4 Bb7 8.d3 d6
9.Nc3 b4 10.Ne2 h6 11.a5 O-O 12.Ng3 Bc8 13.c3 Ba7 14.Ba4 Bd7 15.h3 Rb8 16.Qe2 Re8
17.Nh4 bxc3 18.bxc3 Ne7 19.Qf3 Bxa4 20.Rxa4 Ng6 21.Nhf5 Re6 22.Be3  1/2-1/2

[Event "Open Championships"]
[Site "Paris FRA"]
[Date "2002.07.08"]
[Round "3"]
[White "Justo,D"]
[Black "Nisipeanu,LD"]
[Result "0-1"]
[WhiteElo "2306"]
[BlackElo "2613"]

1.d4 Nf6 2.c4 e6 3.Nc3 Bb4 4.Qc2 O-O 5.a3 Bxc3+ 6.Qxc3 Ne4 7.Qc2 d5 8.g3 c5
9.dxc5 Nc6 10.Ra2 Qa5+ 11.Bd2 Qxc5 12.e3 a5 13.Nf3 e5 14.Bd3 Bg4 15.Bxe4 dxe4
16.Ng5 Qe7 17.h3 Bh5 18.Nxe4 Bf3 19.Rg1 Rad8 20.b3 Nd4 21.Qb1 Bxe4 22.Qxe4 f5
23.Qg2 Nxb3 24.Ke2 Qe6 25.Rd1 Qxc4+  0-1

[Event "Open Championships"]
[Site "Paris FRA"]
[Date "2002.07.09"]
[Round "4"]
[White "Nisipeanu,LD"]
[Black "Simon,O"]
[Result "1-0"]
[WhiteElo "2613"]
[BlackElo "2340"]

1.e4 c5 2.Nf3 d6 3.d4 cxd4 4.Nxd4 Nf6 5.Nc3 a6 6.a4 Nc6 7.Nb3 g6 8.Be2 Bg7
9.O-O O-O 10.Kh1 Be6 11.f4 Rc8 12.Be3 Na5 13.Nxa5 Qxa5 14.Bf3 Nd7 15.Bd2 Qc7
16.Be2 Nb6 17.f5 Bc4 18.a5 Bxe2 19.Qxe2 Nc4 20.Nd5 Qd8 21.Bg5 Re8 22.f6 e6
23.fxg7 Qxg5 24.Nf6+  1-0

[Event "Open Championships"]
[Site "Paris FRA"]
[Date "2002.07.14"]
[Round "9"]
[White "Rainfray,A"]
[Black "Nisipeanu,LD"]
[Result "0-1"]
[WhiteElo "2374"]
[BlackElo "2613"]

1.e4 e5 2.Nf3 d6 3.d4 exd4 4.Nxd4 Nf6 5.Nc3 Be7 6.g3 d5 7.e5 Ng4 8.e6 Nf6
9.exf7+ Kxf7 10.Bg2 c6 11.O-O Re8 12.Bf4 Na6 13.Re1 Bg4 14.Qd2 Qd7 15.Nf3 Bxf3
16.Bxf3 Bd6 17.Bxd6 Qxd6 18.Ne4 Nxe4 19.Bxe4 Nc5 20.Bg2 Qf6 21.Qb4 b6 22.a4 Rxe1+
23.Rxe1 Re8 24.Rxe8 Kxe8 25.a5 Nd7 26.axb6 axb6 27.Bh3 b5 28.Qe1+ Qe7 29.Qc3 Ne5
30.Bg2 Nc4 31.h4 Qe5 32.Qxe5+ Nxe5 33.b3 Ke7 34.Kf1 Kd6 35.Ke2 c5 36.Bh3 Nc6
37.Kd2 c4 38.h5 h6 39.Bf5 Nd4 40.Bg6 cxb3 41.cxb3 Nxb3+ 42.Kc3 Nc5 43.f3 Ne6
44.f4 Kc5 45.Bf7 b4+ 46.Kb2 Nd4 47.g4 Ne2 48.f5 Ng3 49.Be8 d4 50.Kc2 Ne4  0-1

[Event "9th Open"]
[Site "Nice FRA"]
[Date "2002.08.05"]
[Round "1"]
[White "Guyard,R"]
[Black "Nisipeanu,LD"]
[Result "0-1"]
[WhiteElo "2171"]
[BlackElo "2613"]

1.Nf3 Nf6 2.b3 d6 3.d4 c5 4.e3 g6 5.Bb2 Bg7 6.c4 O-O 7.Be2 Nc6 8.Nbd2 cxd4
9.exd4 e5 10.dxe5 dxe5 11.Nxe5 Nxe5 12.Bxe5 Qa5 13.Bb2 Rd8 14.a3 Ne4 15.Bxg7 Rxd2  0-1

[Event "9th Open"]
[Site "Nice FRA"]
[Date "2002.08.06"]
[Round "2"]
[White "Nisipeanu,LD"]
[Black "Djingarova,E"]
[Result "1-0"]
[WhiteElo "2613"]
[BlackElo "2292"]

1.e4 g6 2.d4 Bg7 3.Nf3 d6 4.Be2 Nf6 5.Nc3 O-O 6.O-O Bg4 7.Ng5 Bxe2 8.Qxe2 e5
9.dxe5 dxe5 10.Be3 h6 11.Nf3 Nbd7 12.Rfd1 Qe7 13.Qd2 Kh7 14.Nd5 Nxd5 15.Qxd5 Nf6
16.Qxb7 Rab8 17.Qc6 Qe8 18.Qxe8 Rfxe8 19.b3 Nxe4 20.Rd7 Rb7 21.Rxf7 Nf6 22.Nd2 Kg8
23.Rxf6 Bxf6 24.Ne4 Bg7 25.Rd1 Rbb8 26.Kf1 Rbd8 27.Ra1 a6 28.Ke2 Kf7 29.g4 Bf8
30.Rg1 Kg7 31.Rg3 Bb4 32.Rh3 Rh8 33.Bc1 g5 34.Bb2 Rhe8 35.a3 Ba5 36.Rh5 Bb6
37.h4 gxh4 38.Rxh4 Bd4 39.c3 Bb6 40.Bc1 Re6 41.Ng3 Rh8 42.Rh5 Bc5 43.b4 Bf8
44.Ne4 Be7 45.c4 Rd8 46.Bb2 Kg6 47.f3 Bg5 48.Nxg5 hxg5 49.Bc1 e4 50.Rxg5+ Kf7
51.Rf5+ Kg6 52.f4 Rh8 53.Rd5 Rh2+ 54.Ke3 Re7 55.Kd4 Rh1 56.f5+ Kf7 57.Be3 c6
58.Re5 Rxe5 59.Kxe5 Ra1 60.g5 Rxa3 61.Kxe4 Ra4 62.Bd4 Rxb4 63.g6+ Kg8 64.f6 Rxc4
65.Ke5 Rxd4 66.Kxd4 a5 67.Ke5 a4 68.f7+ Kg7 69.Ke6  1-0

[Event "9th Open"]
[Site "Nice FRA"]
[Date "2002.08.08"]
[Round "4"]
[White "Nisipeanu,LD"]
[Black "Moldovan,D"]
[Result "1-0"]
[WhiteElo "2613"]
[BlackElo "2459"]

1.e4 c5 2.Nf3 d6 3.d4 cxd4 4.Nxd4 Nf6 5.Nc3 Nc6 6.Bg5 e6 7.Qd2 a6 8.O-O-O Bd7
9.f4 b5 10.Bxf6 gxf6 11.Nxc6 Bxc6 12.Qe3 Qe7 13.Bd3 h5 14.Rde1 Qa7 15.Qh3 O-O-O
16.f5 Bd7 17.Kb1 Kb8 18.Qf3 Be7 19.Ne2 Bc6 20.fxe6 fxe6 21.Nf4 e5 22.Nd5 Bxd5
23.exd5 Rc8 24.c3 Bd8 25.a4 Rc5 26.axb5 axb5 27.Re4 Qd7 28.Rb4 Ba5 29.Rb3 Qg4
30.Bxb5 Qxf3 31.Bc6+ Kc8 32.gxf3 Rg8 33.Ra3 Bc7 34.Ra8+ Bb8 35.Kc2  1-0

[Event "9th Open"]
[Site "Nice FRA"]
[Date "2002.08.09"]
[Round "6"]
[White "Nisipeanu,LD"]
[Black "Bujisho,B"]
[Result "1/2-1/2"]
[WhiteElo "2613"]
[BlackElo "2400"]

1.e4 e5 2.Nf3 Nf6 3.Nxe5 d6 4.Nf3 Nxe4 5.d4 d5 6.Bd3 Nc6 7.O-O Be7 8.c4 Nb4
9.Be2 O-O 10.Nc3 Be6 11.Ne5 c5 12.Nxe4 dxe4 13.d5 Bc8 14.a3 Na6 15.f4 f6
16.Ng4 Bxg4 17.Bxg4 f5 18.Bh3 Nc7 19.Be3 b6 20.g4 Ne8 21.Qe2 a5 22.Kh1 Ra7
23.Rg1 Nd6 24.Rad1 a4 25.Qc2 Qe8 26.gxf5 Bf6 27.Bg4 Rc7 28.Qe2 Qc8 29.Bf2 Qa6
30.Rc1 Re7 31.Rg3 Bh4 32.f6 Rxf6 33.Rh3 Bxf2 34.Qxf2 Qb7 35.Be6+ Rexe6 36.dxe6 Nf5
37.Re1 Rxe6 38.Qg2 g6 39.Rh5 Kf8 40.Rh3 Qd7 41.Rc3 e3 42.Qa8+ Kg7 43.Qd5 Qxd5+
44.cxd5 Re4 45.Rd3 Kf7 46.b3 Rd4 47.Rc3 axb3 48.Rxb3 Rxd5 49.Rxb6 Rd2 50.Kg1 Rd3
51.Rc6 Nd4 52.Rxc5 Nf3+ 53.Kf1 Nxe1 54.Kxe1 Rxa3 55.Ke2 Ra2+ 56.Kxe3 Rxh2
57.Kf3 h5 58.Rc7+ Kf6 59.Rc6+ Kg7 60.Rc7+  1/2-1/2

[Event "9th Open"]
[Site "Nice FRA"]
[Date "2002.08.10"]
[Round "7"]
[White "Leer Salvesen,B"]
[Black "Nisipeanu,LD"]
[Result "0-1"]
[WhiteElo "2303"]
[BlackElo "2613"]

1.c4 e6 2.g3 d5 3.Bg2 Nf6 4.Nf3 dxc4 5.Qa4+ Nbd7 6.Qxc4 a6 7.Qc2 c5 8.O-O b5
9.a4 Bb7 10.d3 Be7 11.Nc3 b4 12.Nd1 c4 13.Qxc4 Rc8 14.Qa2 b3 15.Qb1 Nd5 16.Nd2 h5
17.Nxb3 h4 18.Bd2 hxg3 19.hxg3 Ne5 20.d4 Nc4 21.Qd3 Nxd2 22.Qxd2 Bb4 23.Qd3 Qg5
24.e4 Qh5 25.f3 Qh2+ 26.Kf2 Rh3 27.Rg1 Qxg3+ 28.Kf1 Qe1+  0-1

[Event "ch-ROM"]
[Site "Curtea de Arges ROM"]
[Date "2002.11.23"]
[Round "1.1"]
[White "Todoran,I"]
[Black "Nisipeanu,LD"]
[Result "0-1"]
[WhiteElo "2080"]
[BlackElo "2613"]

1.e4 c6 2.d4 d5 3.exd5 cxd5 4.Bd3 Nc6 5.c3 Qc7 6.Ne2 Bg4 7.f3 Bd7 8.Bf4 e5
9.dxe5 Nxe5 10.O-O Nf6 11.Na3 Bxa3 12.bxa3 O-O 13.Nd4 Rae8 14.Qc2 Qc5 15.Rfe1 Nxd3
16.Qxd3 Rxe1+ 17.Rxe1 Re8 18.Rxe8+ Nxe8 19.Be3 Qxa3 20.Nb5 Qa6 21.c4 Bxb5
22.cxb5 Qxa2 23.Qf5 Qb3 24.Bxa7 Qxb5 25.Qe5 Qc6 26.g3 h6 27.Qe7 Nc7 28.f4 Qc1+
29.Kg2 Qc2+ 30.Kg1 Qb1+ 31.Kg2 Qe4+ 32.Qxe4 dxe4 33.f5 Nd5  0-1

[Event "ch-ROM"]
[Site "Curtea de Arges ROM"]
[Date "2002.11.24"]
[Round "1.2"]
[White "Nisipeanu,LD"]
[Black "Todoran,I"]
[Result "1-0"]
[WhiteElo "2613"]
[BlackElo "2080"]

1.c4 Nf6 2.Nf3 c5 3.Nc3 Nc6 4.d4 cxd4 5.Nxd4 g6 6.e4 Bg7 7.Be3 Ng4 8.Qxg4 Nxd4
9.Qd1 Ne6 10.Rc1 b6 11.Bd3 Bb7 12.O-O O-O 13.Bb1 Rc8 14.b3 d6 15.f4 Nc5 16.f5 Bxc3
17.Rxc3 Nxe4 18.Bxe4 Bxe4 19.Bh6 Re8 20.Qd4 f6 21.Qxe4  1-0

[Event "ch-ROM"]
[Site "Curtea de Arges ROM"]
[Date "2002.11.25"]
[Round "2.1"]
[White "Nisipeanu,LD"]
[Black "Grunberg,F"]
[Result "1-0"]
[WhiteElo "2613"]
[BlackElo "2305"]

1.c4 f5 2.Nc3 Nf6 3.g3 d6 4.Bg2 c6 5.d3 g6 6.e4 Bg7 7.Nge2 O-O 8.O-O e5 9.exf5 gxf5
10.f4 Qb6+ 11.Kh1 Be6 12.Na4 Qd8 13.fxe5 dxe5 14.Nc5 Bc8 15.d4 exd4 16.Nxd4 Ng4
17.Ncb3 Na6 18.Bf4 Ne5 19.c5 Nb4 20.Qe2 Nbd3 21.Rad1 Nxf4 22.gxf4 Ng4 23.Nxc6 Qh4
24.Ne7+ Kh8 25.h3 a5 26.Nd4 Ra6 27.Ndxf5 Bxf5 28.Nxf5 Nf2+ 29.Qxf2 Qxf2 30.Rxf2 Rxf5
31.Bxb7 Rh6 32.c6  1-0

[Event "ch-ROM"]
[Site "Curtea de Arges ROM"]
[Date "2002.11.26"]
[Round "2.2"]
[White "Grunberg,F"]
[Black "Nisipeanu,LD"]
[Result "0-1"]
[WhiteElo "2305"]
[BlackElo "2613"]

1.g3 c5 2.Bg2 Nc6 3.d3 g6 4.f4 Bg7 5.Nf3 d6 6.c3 Nf6 7.O-O O-O 8.e4 Bg4 9.h3 Bxf3
10.Bxf3 Nd7 11.a4 a6 12.Na3 b5 13.Nc2 b4 14.e5 Rc8 15.d4 b3 16.Ne3 cxd4 17.cxd4 dxe5
18.dxe5 Nc5 19.Nd5 e6 20.Be3 Nxe5 21.fxe5 exd5 22.Bxd5 Qe7 23.e6 Nxe6 24.Qxb3 Rb8
25.Qc4 Rb4 26.Qd3 Rd8 27.Rad1 Rd4 28.Qb3 R8xd5 29.Bxd4 Bxd4+ 30.Kh1 Qd7 31.Qc4 Nf4
32.g4 Qb7 33.Rf3 Rh5  0-1

[Event "ch-ROM"]
[Site "Curtea de Arges ROM"]
[Date "2002.11.27"]
[Round "3.1"]
[White "Bogdan,D"]
[Black "Nisipeanu,LD"]
[Result "0-1"]
[WhiteElo "2412"]
[BlackElo "2613"]

1.c4 e6 2.Nc3 b6 3.e4 Bb7 4.Nf3 Bb4 5.Qc2 Ne7 6.Be2 O-O 7.O-O f5 8.e5 Ng6
9.d4 Nc6 10.a3 Bxc3 11.Qxc3 d6 12.exd6 cxd6 13.c5 Nce7 14.Bg5 Nd5 15.Bxd8 Nxc3
16.bxc3 Rfxd8 17.Bc4 Nf4 18.Ng5 d5 19.Bb5 h6 20.c6 Bxc6 21.Bxc6 Rac8 22.Bb7 Rc7
23.Nf3 Rxb7 24.Rfe1 Rc7 25.g3 Rxc3 26.Nh4 Nh3+ 27.Kg2 Ng5 28.Ng6 Kf7 29.Nf4 Rc2  0-1

[Event "ch-ROM"]
[Site "Curtea de Arges ROM"]
[Date "2002.11.28"]
[Round "3.2"]
[White "Nisipeanu,LD"]
[Black "Bogdan,D"]
[Result "1-0"]
[WhiteElo "2613"]
[BlackElo "2412"]

1.e4 c5 2.c3 e5 3.Nf3 Nc6 4.Bc4 Qc7 5.O-O Nf6 6.d3 Be7 7.Nbd2 O-O 8.Re1 d6
9.Nf1 Rb8 10.a4 a6 11.Bg5 b5 12.axb5 axb5 13.Ba2 h6 14.Bh4 Nh5 15.Ne3 Nf4
16.Bg3 Be6 17.Nd5 Bxd5 18.exd5 Na5 19.b4 Nb7 20.d4 cxd4 21.cxd4 Nh5 22.Nxe5 Nxg3
23.Nc6 Nf5 24.Bb1 Bf6 25.Bxf5 Rbe8 26.Qd3 Qb6 27.g3 Rxe1+ 28.Rxe1 Nd8 29.Rc1 g6
30.Bd7 Kg7 31.h4 h5 32.Kg2 Nb7 33.Ra1 Qc7 34.Bh3 Qb6 35.Qd2 Nd8 36.Bd7 Qb7
37.Ra7 Qb6 38.Qa2 Bxd4 39.Nxd4 Qxd4 40.Qa1  1-0

[Event "ch-ROM"]
[Site "Curtea de Arges ROM"]
[Date "2002.12.01"]
[Round "5.1"]
[White "Vajda,L"]
[Black "Nisipeanu,LD"]
[Result "0-1"]
[WhiteElo "2576"]
[BlackElo "2613"]

1.e4 e6 2.d4 d5 3.Nd2 c5 4.exd5 exd5 5.Ngf3 Nf6 6.Bb5+ Bd7 7.Qe2+ Be7 8.O-O O-O
9.dxc5 Re8 10.Nb3 Bxc5 11.Qd3 a6 12.Bxd7 Nbxd7 13.a4 Ba7 14.a5 Qc7 15.Ra4 Re4
16.Nbd4 Rc8 17.Qd1 Ne5 18.c3 Nxf3+ 19.Nxf3 Rce8 20.Bg5 Ng4 21.Bh4 Rxa4 22.Qxa4 Re4
23.b4 Qxc3 24.h3 Nf6 25.Bxf6 Qxf6 26.Rc1 g6 27.Rc8+ Kg7  0-1

[Event "ch-ROM"]
[Site "Curtea de Arges ROM"]
[Date "2002.12.02"]
[Round "5.2"]
[White "Nisipeanu,LD"]
[Black "Vajda,L"]
[Result "1/2-1/2"]
[WhiteElo "2613"]
[BlackElo "2576"]

1.e4 g6 2.d4 Bg7 3.Nf3 d6 4.Be2 Nf6 5.Nc3 O-O 6.O-O c6 7.a4 Nbd7 8.Be3 e5
9.dxe5 dxe5 10.Nd2 Ne8 11.Nc4 Nc7 12.Nd6 Qe7 13.Bc4 b6 14.Qd2 Nf6 15.Nxc8 Raxc8
16.f3 Rfd8 17.Qf2 Nd7 18.Rfd1 Qb4 19.Bb3 Nc5 20.Na2 Qa5 21.Bd2 Qa6 22.Nb4 Qb7
23.Bc4 Rd4 24.b3 Rcd8 25.Nd3 N5e6 26.Be3 R4d7 27.Nb2 Nf4 28.Rxd7 Rxd7 29.Bf1  1/2-1/2

[Event "11th Aosta Open"]
[Site "Saint Vincent ITA"]
[Date "2003.02.08"]
[Round "1"]
[White "Giretti,K"]
[Black "Nisipeanu,LD"]
[Result "0-1"]
[WhiteElo "2205"]
[BlackElo "2592"]

1.e4 c6 2.d4 d5 3.e5 Bf5 4.Nc3 h5 5.Bd3 Bxd3 6.Qxd3 e6 7.Nf3 Nd7 8.Bg5 Be7
9.h4 Nh6 10.O-O-O Nf5 11.g3 b5 12.Rhe1 Nb6 13.b3 Nd7 14.Kd2 a6 15.Ke2 Bxg5
16.Nxg5 b4 17.Na4 c5 18.Nxc5 Nxc5 19.dxc5 Qa5 20.Ne4 dxe4 21.Qd7+ Kf8 22.Qb7 Qb5+
23.Qxb5 axb5 24.Rd7 g6 25.Kf1 Kg7 26.Rxe4 Rhc8 27.Rxb4 Rxc5 28.c4 bxc4 29.bxc4 Rxa2
30.Rbb7 Nh6 31.Rbc7 Rxe5  0-1

[Event "11th Aosta Open"]
[Site "Saint Vincent ITA"]
[Date "2003.02.09"]
[Round "2"]
[White "Nisipeanu,LD"]
[Black "Welling,G"]
[Result "1-0"]
[WhiteElo "2592"]
[BlackElo "2400"]

1.e4 e6 2.d4 d5 3.Nd2 Nd7 4.Ngf3 Ne7 5.e5 c5 6.c3 Nc6 7.Bd3 a5 8.O-O g6 9.Re1 Bg7
10.Nf1 Qb6 11.dxc5 Qc7 12.Bf4 Nxc5 13.Bc2 O-O 14.Ng3 f6 15.exf6 Qxf4 16.fxg7 Kxg7
17.Re3 Bd7 18.Qe1 Qf6 19.Rd1 Rae8 20.b4 axb4 21.cxb4 Qb2 22.Qc3+  1-0

[Event "11th Aosta Open"]
[Site "Saint Vincent ITA"]
[Date "2003.02.10"]
[Round "3"]
[White "Ortega,Le"]
[Black "Nisipeanu,LD"]
[Result "1/2-1/2"]
[WhiteElo "2452"]
[BlackElo "2592"]

1.d4 Nf6 2.Nf3 c5 3.d5 e6 4.Nc3 d6 5.e4 exd5 6.Nxd5 Be7 7.Bb5+ Nc6 8.O-O O-O
9.Bf4 Nxd5 10.exd5 Nb8 11.h3 Bf5 12.Bd3 Bxd3 13.Qxd3 Nd7 14.Rfe1 Re8 15.Nd2 Qc7
16.a4 Nf8 17.Nc4 Ng6 18.Bg3 Qd7 19.b3 h5 20.Rad1 h4 21.Bh2 Bf8 22.Kf1 b6
23.Rxe8 Rxe8 24.Re1 Rxe1+ 25.Kxe1 Qe7+ 26.Kf1 Qf6 27.Qe4 Be7 28.Ke2 Nf8 29.Ne3 Ng6
30.Nc4 Nf8 31.Ne3 Ng6  1/2-1/2

[Event "11th Aosta Open"]
[Site "Saint Vincent ITA"]
[Date "2003.02.11"]
[Round "4"]
[White "Nisipeanu,LD"]
[Black "Relange,E"]
[Result "1-0"]
[WhiteElo "2592"]
[BlackElo "2499"]

1.e4 c5 2.Nf3 d6 3.d4 cxd4 4.Nxd4 Nf6 5.Nc3 a6 6.Be2 e6 7.f4 Nc6 8.Be3 Be7
9.O-O O-O 10.Kh1 Qc7 11.a4 Re8 12.Bd3 Bd7 13.Nf3 Nb4 14.a5 e5 15.Bb6 Qb8
16.Ng5 exf4 17.Qf3 h6 18.Nh3 g5 19.Nxf4 gxf4 20.Qxf4 Nxd3 21.cxd3 Be6 22.Qxh6 Nh7
23.Rf3 Ng5 24.Rg3 f6 25.Bd4  1-0

[Event "11th Aosta Open"]
[Site "Saint Vincent ITA"]
[Date "2003.02.12"]
[Round "5"]
[White "Costantini,R"]
[Black "Nisipeanu,LD"]
[Result "0-1"]
[WhiteElo "2274"]
[BlackElo "2592"]

1.e4 c5 2.Nf3 e6 3.d4 cxd4 4.Nxd4 Nc6 5.Nb5 d6 6.Bf4 e5 7.Be3 Be7 8.N1c3 Nf6
9.Bg5 O-O 10.Bxf6 Bxf6 11.Qxd6 Be6 12.Qxd8 Raxd8 13.Rd1 Rxd1+ 14.Kxd1 Rd8+
15.Bd3 Rd7 16.a4 Be7 17.Kc1 Bc5 18.f3 Kf8 19.Rd1 a6 20.Na3 Ke7 21.Bf1 Be3+
22.Kb1 Rxd1+ 23.Nxd1 Bg1 24.h3 Kf6 25.Nc4 Kg5 26.Nd6 Nd8 27.b4 Kf4 28.Kc1 a5
29.bxa5 Kg3 30.Kd2 Bc5 31.Ne8 g6 32.Nb2 Bb4+ 33.c3 Bxa5 34.Nd3 Bc4 35.Nd6 Bxd3
36.Bxd3 Kxg2 37.Nc4 Bc7 38.Ke3 Kxh3 39.Kf2 Nc6 40.Bf1+ Kh2  0-1

[Event "7th Neckar Open"]
[Site "Deizisau GER"]
[Date "2003.04.17"]
[Round "1"]
[White "Nisipeanu,LD"]
[Black "Schulte,T"]
[Result "1-0"]
[WhiteElo "2606"]
[BlackElo "2128"]

1.e4 c5 2.Nf3 e6 3.Nc3 Nc6 4.Be2 Nf6 5.O-O d5 6.exd5 Nxd5 7.Bb5 Ne7 8.d4 a6
9.Bxc6+ Nxc6 10.d5 Nb4 11.dxe6 Bxe6 12.Qe2 Be7 13.Rd1 Qc7 14.a3 Nc6 15.Nd5 Bxd5
16.Rxd5 O-O 17.Be3 Rad8 18.c4 Rxd5 19.cxd5 Ne5 20.Re1 Nxf3+ 21.Qxf3 Bd6 22.h4 Re8
23.h5 h6 24.g3 b5 25.Kg2 c4 26.Bb6 Qb8 27.Rxe8+ Qxe8 28.Ba5 Qe5 29.Bc3 Qg5
30.Qd1 Qf5 31.Qd4 f6 32.g4 Qd7 33.Qe4 Kf8 34.Kf3 Bc5 35.Kg3 Qd6+ 36.f4 Qd7
37.Qe6 Qe7 38.Kf3 Ke8 39.Ke4 Kd8 40.Kf5 Be3 41.Ba5+ Ke8 42.Bb4 Qxe6+ 43.Kxe6 Bb6
44.d6  1-0

[Event "7th Neckar Open"]
[Site "Deizisau GER"]
[Date "2003.04.18"]
[Round "2"]
[White "Mittelberger,P"]
[Black "Nisipeanu,LD"]
[Result "0-1"]
[WhiteElo "2259"]
[BlackElo "2606"]

1.e4 c6 2.d4 d5 3.Nc3 dxe4 4.Nxe4 Bf5 5.Ng3 Bg6 6.Nf3 Nf6 7.Bd3 e6 8.O-O Nbd7
9.Re1 Qc7 10.c4 O-O-O 11.Bxg6 hxg6 12.Qa4 Kb8 13.b4 Ka8 14.c5 Nd5 15.Bd2 Be7
16.Rab1 Bf6 17.Ne4 Bxd4 18.Nd6 Bxc5 19.Nxf7 N7b6 20.Qc2 Bxf2+ 21.Kxf2 Qxf7
22.Kg1 Qf5 23.Qe4 Rde8 24.b5 c5 25.Ne5 Nf6 26.Qe2 Rh4 27.Rb3 Re4 28.Re3 Qxe5
29.Rxe4 Nxe4 30.Qxe4 Qd4+ 31.Qe3 Nc4  0-1

[Event "7th Neckar Open"]
[Site "Deizisau GER"]
[Date "2003.04.21"]
[Round "8"]
[White "Buhmann,R"]
[Black "Nisipeanu,LD"]
[Result "1/2-1/2"]
[WhiteElo "2526"]
[BlackElo "2606"]

1.d4 Nf6 2.c4 e6 3.g3 Bb4+ 4.Nd2 c5 5.Nf3 cxd4 6.Nxd4 Nc6 7.Nc2 Be7 8.Bg2 O-O
9.O-O d5 10.cxd5 exd5 11.Nb3  1/2-1/2

[Event "7th Neckar Open"]
[Site "Deizisau GER"]
[Date "2003.04.21"]
[Round "9"]
[White "Nisipeanu,LD"]
[Black "Troyke,C"]
[Result "1/2-1/2"]
[WhiteElo "2606"]
[BlackElo "2351"]

1.e4 g6 2.d4 Bg7 3.Nf3 c5 4.d5 d6 5.Be2 Nf6 6.Nc3 O-O 7.O-O Na6 8.Bf4 Nc7
9.a4 b6 10.Nd2 Bb7 11.Nc4 Nfe8 12.Ra3 f5 13.e5 e6 14.exd6 Nxd5 15.Bf3 Nxf4
16.Bxb7 Rb8 17.Bf3 Qh4 18.d7 Rd8 19.dxe8=Q Rfxe8 20.Qe1 Nxg2 21.Bxg2 Qxc4
22.Ra1 e5 23.Rd1 e4 24.Qe2 Qxe2 25.Nxe2 Bxb2 26.Rb1  1/2-1/2

[Event "Andorra"]
[Site "Andorra la Vella AND"]
[Date "2003.07.06"]
[Round "2"]
[White "Simonet,M"]
[Black "Nisipeanu,LD"]
[Result "0-1"]
[WhiteElo "2345"]
[BlackElo "2666"]

1.d4 g6 2.c4 Bg7 3.e4 d6 4.Nf3 e5 5.Nc3 Bg4 6.d5 a5 7.h3 Bd7 8.Bd3 Na6 9.g4 h5
10.g5 Ne7 11.Be3 O-O 12.Qe2 c6 13.O-O-O Nb4 14.dxc6 Nexc6 15.Kb1 Nd4 16.Bxd4 exd4
17.Nd5 Re8 18.Qd2 Nxd5 19.cxd5 Rc8 20.Nh4 Qb6 21.f4 Bb5 22.Ka1 Bxd3 23.Qxd3 Qa6
24.Rhe1 Qxd3 25.Rxd3 Rxe4  0-1

[Event "Andorra"]
[Site "Andorra la Vella AND"]
[Date "2003.07.08"]
[Round "4"]
[White "Narciso Dublan,M"]
[Black "Nisipeanu,LD"]
[Result "0-1"]
[WhiteElo "2518"]
[BlackElo "2666"]

1.d4 Nf6 2.Nf3 e6 3.e3 b6 4.Bd3 Bb7 5.O-O c5 6.c4 g6 7.Nc3 Bg7 8.dxc5 bxc5
9.e4 d6 10.e5 dxe5 11.Nxe5 Nc6 12.Nxc6 Bxc6 13.Be3 Qe7 14.Qe2 O-O 15.Rad1 Rab8
16.f3 Qc7 17.Rd2 Rfd8 18.Rfd1 Nh5 19.Be4 Bxc3 20.Rxd8+ Rxd8 21.Rxd8+ Qxd8
22.bxc3 Bxe4 23.fxe4 Qb8 24.Bxc5 Qb1+ 25.Qf1 Qxe4 26.Bxa7 Nf4 27.Kh1 Ne2
28.Qd1 e5 29.h3 Qxc4 30.Qd6 Qxc3 31.Qd1 Nf4 32.Bb8 Qb2  0-1

[Event "Andorra"]
[Site "Andorra la Vella AND"]
[Date "2003.07.12"]
[Round "8"]
[White "Nisipeanu,LD"]
[Black "Khenkin,I"]
[Result "1/2-1/2"]
[WhiteElo "2666"]
[BlackElo "2638"]

1.e4 c6 2.d4 d5 3.e5 Bf5 4.Be3 e6 5.Nd2 Nd7 6.f4 h5 7.Be2 Qb6 8.Qc1 Nh6 9.Ngf3 Be7
10.h3 h4 11.Bf2 Qd8 12.O-O Bg6 13.b4  1/2-1/2

[Event "Andorra"]
[Site "Andorra la Vella AND"]
[Date "2003.07.13"]
[Round "9"]
[White "Oms Pallise,J"]
[Black "Nisipeanu,LD"]
[Result "0-1"]
[WhiteElo "2476"]
[BlackElo "2666"]

1.d4 Nf6 2.c4 e6 3.Nf3 b6 4.g3 Ba6 5.Qb3 Nc6 6.Nbd2 Bb7 7.e4 d5 8.cxd5 exd5
9.e5 Ne4 10.Qc2 Qd7 11.a3 O-O-O 12.h4 Kb8 13.Bh3 Qe8 14.O-O f6 15.exf6 gxf6
16.Re1 Qh5 17.Bg2 f5 18.b4 Bd6 19.b5 Ne7 20.Ne5 Bxe5 21.dxe5 Rdg8 22.Nf3 Nxg3
23.fxg3 Rxg3 24.Bg5 d4 25.Rf1 Bxf3 26.Rxf3 Qxf3 27.Bxe7 Rhg8 28.Bg5 h6 29.Rf1 Qd5
30.Kh1 Rh3+ 31.Kg1 Rg3 32.Kh1 Rxg2 33.Qxg2 Qxb5 34.Rxf5 hxg5 35.Rxg5 Re8
36.e6 Qb1+ 37.Kh2 Qe1 38.Qd5 d3 39.Rg6 d2  0-1